Projekt stanice mestskej lanovej dráhy
Gespeichert in:
| 1. Verfasser: | |
|---|---|
| Weitere Verfasser: | |
| Format: | Manuskript Buch |
| Sprache: | Slowakisch |
| Veröffentlicht: |
2025
|
| Schlagworte: | |
| Online-Zugang: | http://is.stuba.sk/zp/portal_zp.pl?podrobnosti=184679 CRZP |
| Tags: |
Keine Tags, Fügen Sie das erste Tag hinzu!
|
MARC
| LEADER | 00000ntm a22000003a 4500 | ||
|---|---|---|---|
| 001 | stuzp105991 | ||
| 003 | SK-STU | ||
| 005 | 20250730145059.4 | ||
| 007 | ta | ||
| 008 | 150427s2015----xo-----f-mn---000-0-slo-d | ||
| 040 | |a STU |b slo | ||
| 041 | 0 | |a slo | |
| 100 | 1 | |a Paterek, Matej |u 010180 |4 aut |U SvF Stavebná fakulta |T SvF Katedra konštrukcií pozemných stavieb |X 103942 |U V180 |Y 18 |7 103942 | |
| 242 | 0 | 1 | |a Gondola lift city station |y eng |
| 245 | 1 | 0 | |a Projekt stanice mestskej lanovej dráhy |
| 260 | |c 2025 | ||
| 650 | 4 | |a GLT |2 eng | |
| 650 | 4 | |a Troja |2 eng | |
| 650 | 4 | |a Prague |2 eng | |
| 650 | 4 | |a station |2 eng | |
| 650 | 4 | |a urban cable car |2 eng | |
| 650 | 4 | |a reinforced concrete |2 eng | |
| 650 | 4 | |a Doppelmayr |2 eng | |
| 650 | 4 | |a Doppelmayr |2 slo | |
| 650 | 4 | |a železobetón |2 slo | |
| 650 | 4 | |a LLD |2 slo | |
| 650 | 4 | |a Troja |2 slo | |
| 650 | 4 | |a Praha |2 slo | |
| 650 | 4 | |a stanica |2 slo | |
| 650 | 4 | |a mestská lanová dráha |2 slo | |
| 700 | 1 | |a Hanuliak, Peter |u 010180 |k Z1 |4 ths |U SvF Stavebná fakulta |T SvF Katedra konštrukcií pozemných stavieb |X 11280 |U V180 |Y 18 |7 A000011280 | |
| 856 | 4 | |u http://is.stuba.sk/zp/portal_zp.pl?podrobnosti=184679 | |
| 856 | 4 | |u https://opac.crzp.sk/?fn=detailBiblioForm&sid=226A7A544DA3649F6F5839E9F6D0 |z CRZP | |